[Event "Titled Tue 15th Oct Late"]
[Site "chess.com INT"]
[Date "2024.10.15"]
[Round "11"]
[White "Nakamura,Hi"]
[Black "Carlsen,M"]
[Result "1/2-1/2"]
[WhiteElo "2802"]
[BlackElo "2831"]

1.e4 c5 2.Nf3 e6 3.c3 d5 4.exd5 exd5 5.d4 Nc6 6.Bb5 Nf6 7.O-O Be7 8.dxc5 Bxc5
9.Re1+ Be6 10.Be3 Bxe3 11.Rxe3 O-O 12.Nd4 Qb6 13.Bxc6 bxc6 14.b4 c5 15.bxc5 Qxc5
16.Nd2 Bd7 17.h3 h6 18.Qf3 a5 19.a4 Rfe8 20.Rd3 Rac8 21.N4b3 Qc7 22.Qg3 Qb6
23.Qf4 Ne4 24.Qf3 Re5 25.c4 Rf5 26.Qe3 Qxe3 27.fxe3 Nxd2 28.Nxd2 Be6 29.cxd5 Rxd5
30.Rxd5 Bxd5 31.Ra3 Rc2 32.Rd3 Bc6 33.Rd4 Ra2 34.e4 Bxa4 35.Nc4 Bb3 36.Nb6 a4
37.Rb4 f6 38.Nd5 Kf7 39.Nc3 Ra3 40.Kf2 Bc2 41.Rc4 Bb3 42.Rb4 Ke6 43.Ke3 Ra1
44.Rb7 Rc1 45.Ne2 Ra1 46.Rxg7 Kd6 47.Nd4 Bc4 48.Ra7 a3 49.Nc2 Ra2 50.Nxa3 Ke6
51.g4 Bf1 52.h4 Bh3 53.Kf4 Bf1 54.Nb5 Rxa7 55.Nxa7 Kf7 56.Nc6 Be2 57.Nd4 Bd1
58.Nf5 Kg6 59.h5+ Kh7 60.Ne3 Be2 61.Kf5 Kg7 62.Nd5 Ba6 63.Ne3 Bc8+ 64.Kf4 Ba6
65.Nf5+ Kh7 66.Nd4 Bc8 67.Nc2 Kg7 68.Ne3 Be6 69.Kf3 Bc8 70.Nf5+ Kh7 71.Ke3 Ba6
72.Kd4 Be2 73.Ne3 Bf3 74.e5 fxe5+ 75.Kxe5 Bd1 76.Kf4 Be2 77.Nf5 Bd1 78.Ng3 Bc2
79.Ne4 Bd1 80.Nf2 Bc2 81.Nh1 Kg7 82.Ng3 Bd1 83.Ne4 Bc2 84.Nd6 Bd1 85.Nb5 Kh7
86.Nd4 Kg7 87.Kf5 Ba4 88.Ne6+ Kh7 89.Nf8+ Kg7 90.Ne6+ Kh7 91.Nc5 Bd1 92.Nb7 Bc2+
93.Kf4 Bd1 94.Nd6 Kg7 95.Nf5+ Kh7 96.Ng3 Kg7 97.Nf5+ Kh7  1/2-1/2

[Event "Titled Tue 22nd Oct Late"]
[Site "chess.com INT"]
[Date "2024.10.22"]
[Round "1"]
[White "Nakamura,Hi"]
[Black "Paragua,Megan Althea"]
[Result "1-0"]
[WhiteElo "2802"]
[BlackElo "2190"]

1.b3 d5 2.Bb2 Nf6 3.g3 e6 4.Bg2 Be7 5.d3 O-O 6.Nd2 b6 7.e4 Bb7 8.Nh3 dxe4
9.dxe4 Nbd7 10.O-O Rb8 11.e5 Bxg2 12.Kxg2 Nd5 13.a3 b5 14.Ra2 c5 15.c4 bxc4
16.bxc4 N5b6 17.a4 Rc8 18.a5 Na8 19.Ne4 Qc7 20.f4 Rfd8 21.Qf3 Nf8 22.Bc3 Ng6
23.Rb2 Rb8 24.Rfb1 Rxb2+ 25.Rxb2 Rb8 26.Rd2 Rd8 27.Rc2 Qd7 28.Nhf2 Nc7 29.Rb2 Na6
30.Rb7 Qa4 31.Rxa7 Qxc4 32.h4 Bf8 33.h5 Ne7 34.Nd6 Qd5 35.Rxa6 Qa2 36.Ra7 c4
37.a6 Qa4 38.h6 g6 39.Nfe4 Qc2+ 40.Qf2 Qb1 41.Nf6+  1-0

[Event "Titled Tue 22nd Oct Early"]
[Site "chess.com INT"]
[Date "2024.10.22"]
[Round "1"]
[White "Glek,I"]
[Black "Nakamura,Hi"]
[Result "0-1"]
[WhiteElo "2410"]
[BlackElo "2802"]

1.e4 g6 2.d4 c6 3.Nc3 d5 4.Nf3 Bg4 5.Bf4 a6 6.exd5 cxd5 7.h3 Bxf3 8.Qxf3 e6
9.Be5 f6 10.Bf4 Nc6 11.O-O-O Rc8 12.h4 Bd6 13.g3 f5 14.Bxd6 Qxd6 15.Qe3 Nf6
16.Kb1 Kf7 17.Ne2 Rhe8 18.f4 h5 19.Nc1 Na5 20.Qe1 Nc4 21.Nd3 Kg7 22.Ne5 Rc7
23.Rh2 Ne4 24.Bxc4 dxc4 25.c3 Qd5 26.Re2 b5 27.Nf3 b4 28.cxb4 c3 29.Rc2 a5
30.bxa5 Qxa5 31.Ng5 Ra7 32.b3 Rb8  0-1

[Event "Titled Tue 22nd Oct Early"]
[Site "chess.com INT"]
[Date "2024.10.22"]
[Round "2"]
[White "Nakamura,Hi"]
[Black "Wu,Derek"]
[Result "1-0"]
[WhiteElo "2802"]
[BlackElo "2225"]

1.b3 e5 2.Bb2 Nc6 3.e3 d5 4.Bb5 Bd6 5.Nf3 Qe7 6.c4 Nf6 7.c5 Bxc5 8.Nxe5 O-O
9.Nf3 Bg4 10.h3 Bh5 11.O-O Nd8 12.Be2 Ne6 13.Nc3 c6 14.Nh4 Bxe2 15.Nxe2 Ne4
16.Nf3 Ba3 17.Qc2 a5 18.d3 Bxb2 19.Qxb2 Nd6 20.Rac1 a4 21.b4 Nb5 22.Nc3 Qf6
23.d4 Nd6 24.Ne5 Qe7 25.b5 f6 26.Nd3 Nc4 27.Qe2 Rfe8 28.Qg4 Ra5 29.Rfe1 Qf7
30.bxc6 bxc6 31.Nb4 Qb7 32.Rb1 Qc7 33.e4 Nd2 34.Rbc1 dxe4 35.Ncd5 Qd8 36.Rxc6 Rxd5
37.Rxe6 Rxd4 38.Nc6 Qd7 39.Nxd4 Rd8 40.Nc6  1-0

[Event "Titled Tue 22nd Oct Late"]
[Site "chess.com INT"]
[Date "2024.10.22"]
[Round "2"]
[White "Rosenthal,Nicholas"]
[Black "Nakamura,Hi"]
[Result "0-1"]
[WhiteElo "2059"]
[BlackElo "2802"]

1.e4 g6 2.d4 c6 3.Nf3 d5 4.e5 Bg4 5.Be2 c5 6.c3 Nc6 7.O-O Bxf3 8.Bxf3 e6
9.Be3 Nge7 10.Bg4 h5 11.Bh3 Bh6 12.f4 cxd4 13.cxd4 Qb6 14.Nd2 Rc8 15.Nb3 Nxe5
16.fxe5 Bxe3+ 17.Kh1 O-O 18.Qd3 Bh6 19.Rf6 Bg7 20.Raf1 Bxf6 21.exf6 Nf5 22.g4 hxg4
23.Bxg4 Qd8 24.Bxf5 exf5 25.Rxf5 Rc6 26.Qf3 Re8 27.Nc5 Re1+ 28.Kg2 Qe8 29.Rxd5 b6
30.Nd3 Rc2+ 31.Nf2 Ree2 32.Re5 Rxf2+ 33.Qxf2 Rxf2+ 34.Kxf2 Qc6  0-1

[Event "Titled Tue 22nd Oct Early"]
[Site "chess.com INT"]
[Date "2024.10.22"]
[Round "3"]
[White "Akobian,V"]
[Black "Nakamura,Hi"]
[Result "0-1"]
[WhiteElo "2564"]
[BlackElo "2802"]

1.d4 g6 2.Nf3 Bg7 3.c4 d6 4.Nc3 Nf6 5.Bg5 h6 6.Bf4 g5 7.Bd2 c5 8.d5 e6 9.e4 a6
10.Bd3 O-O 11.O-O Nbd7 12.Re1 Re8 13.h3 Nf8 14.Qc2 e5 15.Nh2 Ng6 16.Bf1 Nf4
17.Rab1 b6 18.Nd1 Bd7 19.Ne3 b5 20.b3 Qc8 21.f3 Ng6 22.Nhg4 h5 23.Nxf6+ Bxf6
24.g4 Nf4 25.Nf5 Bxf5 26.exf5 Kg7 27.Bxf4 gxf4 28.cxb5 axb5 29.Bxb5 Rh8  0-1

[Event "Titled Tue 22nd Oct Late"]
[Site "chess.com INT"]
[Date "2024.10.22"]
[Round "3"]
[White "Nakamura,Hi"]
[Black "Velikanov,A"]
[Result "1-0"]
[WhiteElo "2802"]
[BlackElo "2387"]

1.b3 e5 2.Bb2 Nc6 3.e3 d5 4.Bb5 Ne7 5.Bxe5 a6 6.Bxc6+ Nxc6 7.Bg3 h5 8.h3 h4
9.Bh2 Qg5 10.Kf1 Bf5 11.Nf3 Qg6 12.d3 O-O-O 13.Nc3 Qf6 14.d4 Qg6 15.Ne1 Qe6
16.Ne2 g5 17.c4 dxc4 18.bxc4 Qxc4 19.Rc1 Qe6 20.Nd3 g4 21.Nef4 Qd7 22.hxg4 Bxg4
23.f3 Bf5 24.d5 h3 25.g4 Bxd3+ 26.Qxd3 Nb4 27.Qc4 Bd6 28.e4 Qb5 29.a4 Qxa4
30.Ne6 Bxh2 31.Rxh2 c6 32.Nxd8 Rxd8 33.Kf2 Kb8 34.Kg3 Ka8 35.dxc6 bxc6 36.Rb2 a5
37.Qc5 Nd3 38.Qb6  1-0

[Event "Titled Tue 22nd Oct Late"]
[Site "chess.com INT"]
[Date "2024.10.22"]
[Round "4"]
[White "Talibov,Shiroghlan"]
[Black "Nakamura,Hi"]
[Result "0-1"]
[WhiteElo "2415"]
[BlackElo "2802"]

1.c4 g6 2.d4 Bg7 3.Nc3 d6 4.e4 c5 5.dxc5 dxc5 6.Qxd8+ Kxd8 7.Be3 Bxc3+ 8.bxc3 b6
9.a4 Nc6 10.a5 Bb7 11.axb6 axb6 12.Rxa8+ Bxa8 13.f3 Na5 14.Nh3 Nf6 15.Bd3 Nd7
16.Bf4 Bb7 17.Ke2 Ba6 18.Ra1 f6 19.Nf2 e6 20.Ng4 Ke7 21.Bc7 Bxc4 22.Bxb6 Nb3
23.Rb1 Bxd3+ 24.Kxd3 Nxb6 25.c4 Rd8+ 26.Kc3 Rd4 27.Rxb3 Rxc4+ 28.Kd2 Rb4
29.Ra3 Nc4+  0-1

[Event "Titled Tue 22nd Oct Early"]
[Site "chess.com INT"]
[Date "2024.10.22"]
[Round "4"]
[White "Nakamura,Hi"]
[Black "Seliverstov,Vl"]
[Result "1-0"]
[WhiteElo "2802"]
[BlackElo "2462"]

1.b3 e5 2.Bb2 Nc6 3.e3 Nf6 4.Bb5 e4 5.f3 a6 6.Bxc6 dxc6 7.Nc3 Bb4 8.Qe2 O-O
9.O-O-O Qe7 10.Kb1 a5 11.Nxe4 Nxe4 12.fxe4 Qxe4 13.Nf3 Re8 14.Qf2 a4 15.d3 Qe7
16.e4 Ba3 17.Ba1 axb3 18.cxb3 Be6 19.Nd4 Ra5 20.Bc3 Bb4 21.Qd2 Bxc3 22.Qxc3 Rea8
23.Rd2 c5 24.Nxe6 Qxe6 25.Rf1 Qa6 26.Rff2 Qd6 27.g4 b6 28.h4 Qg3 29.h5 Qg1+
30.Qc1 Qxg4 31.h6 Qg5 32.hxg7 Qe5 33.Rh2 b5 34.Qh1 c4 35.Rxh7 cxb3 36.Rh8+ Kxg7
37.Qh6+  1-0

[Event "Titled Tue 22nd Oct Late"]
[Site "chess.com INT"]
[Date "2024.10.22"]
[Round "5"]
[White "Nakamura,Hi"]
[Black "Mahdavi,Reza"]
[Result "1-0"]
[WhiteElo "2802"]
[BlackElo "2394"]

1.b3 Nf6 2.Bb2 g6 3.e3 Bg7 4.d4 c5 5.dxc5 O-O 6.Nf3 Qa5+ 7.c3 Qxc5 8.Ba3 Qa5
9.Bxe7 Re8 10.Bxf6 Bxf6 11.Qd2 Nc6 12.Be2 d5 13.O-O Bg4 14.b4 Qc7 15.Na3 a5
16.Nb5 Qe7 17.bxa5 Rxa5 18.Nbd4 Bxf3 19.Bxf3 Ne5 20.Be2 Rc8 21.Rfb1 Qc7 22.Rb3 Nd7
23.Bf3 Ne5 24.Rab1 b6 25.Be2 Nd7 26.Bg4 Rca8 27.Bxd7 Rxa2 28.Qd3 Qxd7 29.Rxb6 Kg7
30.Rb7 Qd6 31.g3 h5 32.R1b6 Qe5 33.Ne6+ Kg8 34.Nc7 Rd8 35.Nb5 h4 36.Nd4 h3
37.Qd1 Qe4 38.Qf1 Rda8 39.Rb1 Bxd4 40.cxd4 Qf3 41.R7b3 Rc2 42.Rb8+ Rxb8 43.Rxb8+ Kg7
44.Rb1 Ra2 45.Re1 Rc2 46.e4 dxe4 47.Re3 Qf6 48.Rxe4 Qf3 49.Rf4 Qd5 50.Rh4 Qc6
51.d5 Qxd5 52.Qa1+ f6 53.Qa7+ Kg8 54.Qh7+ Kf8 55.Qh8+ Ke7 56.Rh7+ Ke6 57.Qg8+ Ke5
58.Qxd5+ Kxd5 59.Rxh3 Ke5 60.Rh7 Kf5 61.h4 Kg4 62.Kg2 Kf5 63.Rg7 Rc6 64.Kh3 Rc1
65.g4+ Kf4 66.Rxg6 Rh1+ 67.Kg2 Rxh4 68.f3 Ke5 69.Rg7 Ke6 70.Kg3 Rh8 71.Ra7 Rb8
72.Ra6+ Kf7 73.Rd6 Kg6 74.Rd4 Rb5 75.f4 Rb3+ 76.Kh4 Rb1 77.Rd6 Rh1+ 78.Kg3 Kg7
79.Kf3 Rb1 80.Ke4 Rb4+ 81.Kf5 Rb5+ 82.Ke6 Rb4 83.Rd7+ Kg6 84.f5+ Kg5 85.Rg7+ Kh6
86.Rg6+ Kh7 87.Kxf6 Rb6+ 88.Kg5 Rxg6+ 89.fxg6+ Kg7 90.Kh5 Kg8 91.Kh6 Kh8
92.g7+ Kg8 93.g5  1-0

[Event "Titled Tue 22nd Oct Early"]
[Site "chess.com INT"]
[Date "2024.10.22"]
[Round "5"]
[White "Drozdowski,K"]
[Black "Nakamura,Hi"]
[Result "1-0"]
[WhiteElo "2450"]
[BlackElo "2802"]

1.e4 g6 2.d4 c6 3.Nc3 d5 4.Nf3 Bg4 5.h3 Bxf3 6.Qxf3 e6 7.Be3 Nf6 8.O-O-O Nbd7
9.g4 Bb4 10.e5 Bxc3 11.exf6 Bb4 12.g5 h5 13.Bf4 Nb6 14.h4 Bd6 15.Bd3 Bxf4+
16.Qxf4 Qb8 17.Qe3 Kd7 18.Rhe1 Qd6 19.f4 Rhe8 20.a3 Rac8 21.Kb1 a6 22.Qf3 Kc7
23.Re2 Nd7 24.Rde1 c5 25.dxc5 Nxc5 26.f5 gxf5 27.Qxh5 Rf8 28.Qh7 Kb8 29.h5 Qc7
30.h6 Rg8 31.Qg7 Ne4 32.Bxe4 fxe4 33.h7 Rh8 34.Rh1 d4 35.g6 d3 36.cxd3 exd3
37.Rd2 fxg6 38.Qxg6 e5 39.Qxd3 Rcd8 40.Qxd8+  1-0

[Event "Titled Tue 22nd Oct Early"]
[Site "chess.com INT"]
[Date "2024.10.22"]
[Round "6"]
[White "Nakamura,Hi"]
[Black "Rakhmanov,Ale"]
[Result "1-0"]
[WhiteElo "2802"]
[BlackElo "2585"]

1.b3 d5 2.Bb2 Nf6 3.e3 c6 4.g3 Bg4 5.Nf3 Nbd7 6.h3 Bxf3 7.Qxf3 e5 8.d3 Qa5+
9.c3 e4 10.Qd1 exd3 11.Bxd3 Bd6 12.O-O O-O 13.Nd2 Qc7 14.Kg2 Ne5 15.Be2 Rfe8
16.Qc2 Rad8 17.Rad1 a6 18.c4 dxc4 19.Bxc4 Qe7 20.Bxe5 Bxe5 21.Nf3 Bc7 22.Ng5 Rf8
23.Rxd8 Bxd8 24.Rd1 Bc7 25.b4 h6 26.Nf3 Re8 27.a4 Ne4 28.b5 axb5 29.axb5 cxb5
30.Bxb5 Rd8 31.Rb1 Bd6 32.Bc4 Nc5 33.Nh4 Qf6 34.Rb6 Qe5 35.Qg6  1-0

[Event "Titled Tue 22nd Oct Late"]
[Site "chess.com INT"]
[Date "2024.10.22"]
[Round "6"]
[White "Martinez Alcantara,Jose Eduardo"]
[Black "Nakamura,Hi"]
[Result "1-0"]
[WhiteElo "2607"]
[BlackElo "2802"]

1.e4 d6 2.d4 c6 3.c3 e5 4.f4 exd4 5.cxd4 d5 6.e5 Ne7 7.Bd3 Bf5 8.Nf3 h5 9.O-O g6
10.Nh4 Qd7 11.Nc3 Na6 12.Bxa6 bxa6 13.Be3 Rb8 14.b3 Be6 15.Qe2 Nf5 16.Nxf5 Bxf5
17.Qxa6 h4 18.h3 Bb4 19.Rac1 Rb6 20.Qe2 Ba3 21.Rcd1 O-O 22.Bf2 Be7 23.Na4 Rb4
24.Rc1 Kg7 25.Nc5 Qd8 26.Rc3 Qa5 27.Rfc1 Rh8 28.Na4 Bd7 29.f5 Bxf5 30.Rxc6 Rb7
31.Nc5 Qb5 32.Qxb5 Rxb5 33.Rc7 Bg5 34.Re1 Ra5 35.e6 Rf8 36.a4 Bd8 37.Rxf7+ Rxf7
38.exf7 Kxf7 39.b4 Rxc5 40.dxc5 Bf6 41.b5 d4 42.b6 axb6 43.cxb6 Bc8 44.Rd1  1-0

[Event "Titled Tue 22nd Oct Early"]
[Site "chess.com INT"]
[Date "2024.10.22"]
[Round "7"]
[White "Ebrahimi Herab,Hamidreza"]
[Black "Nakamura,Hi"]
[Result "0-1"]
[WhiteElo "2386"]
[BlackElo "2802"]

1.d4 g6 2.e4 c6 3.Nf3 d5 4.exd5 cxd5 5.Nc3 Bg4 6.h3 Bxf3 7.Qxf3 e6 8.Bd3 Nc6
9.Ne2 Bg7 10.c3 Nf6 11.O-O O-O 12.Bg5 h6 13.Bh4 e5 14.Bxf6 Bxf6 15.dxe5 Bxe5
16.Rad1 Qa5 17.Bb1 Rad8 18.h4 d4 19.h5 dxc3 20.bxc3 Rxd1 21.Rxd1 Rd8 22.Rxd8+ Qxd8
23.Bd3 gxh5 24.Qf5 Qd6 25.g3 h4 26.gxh4 Ne7 27.Qe4 Kf8 28.Kg2 b6 29.Bc4 Qf6
30.Qa8+ Kg7 31.Qf3 Nf5 32.Qg4+ Kf8 33.h5 Bxc3 34.Nxc3 Qxc3 35.Bxf7 Qc6+ 36.Kg1 Qc1+
37.Kg2 Qc2 38.Bg6 Ne3+ 39.Kg3 Qxf2+ 40.Kxf2 Nxg4+ 41.Ke2 Ne5 42.Be4 Ke7 43.Ke3 Ke6
44.Kf4 Nf7 45.Bg6 Nd6 46.Bd3 b5 47.Ke3 Ke5 48.Be2 a5 49.Kd3 Kd5 50.Bf3+ Kc5
51.Ke3 b4 52.Kd3 a4 53.Bd1 a3 54.Bb3 Nf5 55.Bf7 Ng3 56.Kc2 Ne2 57.Bg8 Nd4+
58.Kb1 Kd6 59.Bf7 Ke5 60.Be8 Ke4 61.Bf7 Kd3 62.Bg6+ Kc3 63.Bf7 Nf3 64.Bg6 Nd2+
65.Ka1 Kd4 66.Bf7 Ke5 67.Bg6 Kf4 68.Bf7 Kg5 69.Be8 Ne4 70.Kb1 Nf6 71.Bf7 Nxh5
72.Kc2 Nf4 73.Kb3 Nd3 74.Bc4 Ne5 75.Be6 Kf6 76.Bc8 Nc6 77.Bd7 Ne5 78.Bc8 Nd3
79.Bd7 Nc5+  0-1

[Event "Titled Tue 22nd Oct Early"]
[Site "chess.com INT"]
[Date "2024.10.22"]
[Round "8"]
[White "Nakamura,Hi"]
[Black "Mahdavi,Reza"]
[Result "1-0"]
[WhiteElo "2802"]
[BlackElo "2394"]

1.b3 Nf6 2.Bb2 g6 3.d4 Bg7 4.Nf3 O-O 5.e3 d5 6.c4 c5 7.dxc5 dxc4 8.Qxd8 Rxd8
9.Bxc4 Nbd7 10.c6 bxc6 11.Nbd2 Nb6 12.Be2 a5 13.Rc1 a4 14.Bd4 Nbd5 15.Ne5 Bb7
16.O-O axb3 17.Nxb3 Rxa2 18.Bc4 Ra3 19.Nc5 Ba8 20.e4 Ng4 21.Nxf7 Kxf7 22.Bxg7 Kxg7
23.Ne6+ Kf6 24.Nxd8 Nf4 25.Ra1 Rc3 26.Rfc1 Rxc1+ 27.Rxc1 c5 28.Bf1 Ne5 29.f3 Nfd3
30.Bxd3 Nxd3 31.Rc3  1-0

[Event "Titled Tue 22nd Oct Early"]
[Site "chess.com INT"]
[Date "2024.10.22"]
[Round "9"]
[White "Tang,Andrew"]
[Black "Nakamura,Hi"]
[Result "0-1"]
[WhiteElo "2527"]
[BlackElo "2802"]

1.d4 e6 2.Bf4 g6 3.e4 d6 4.Nc3 Bg7 5.Nf3 a6 6.Qd2 b5 7.a4 b4 8.Ne2 a5 9.Ng3 h6
10.h4 Bb7 11.c3 Nf6 12.Bb5+ Nbd7 13.e5 bxc3 14.bxc3 dxe5 15.Nxe5 Bxg2 16.Rg1 Bb7
17.O-O-O c6 18.Nxc6 Bxc6 19.Bxc6 Rc8 20.Bb7 Rc7 21.Bxc7 Qxc7 22.Ba6 O-O 23.h5 g5
24.Rge1 Nd5 25.Ne2 N7f6 26.Qc2 Nxh5 27.Bd3 Rc8 28.Kd2 Nhf4 29.Rc1 g4 30.Ng3 h5
31.Ne4 Bh6 32.Kd1 Nxd3 33.Qxd3 Bxc1 34.Kxc1 Nxc3 35.Nf6+ Kf8 36.Kd2 Qf4+  0-1

[Event "Titled Tue 22nd Oct Early"]
[Site "chess.com INT"]
[Date "2024.10.22"]
[Round "10"]
[White "Nakamura,Hi"]
[Black "Zhalmakhanov,Ramazan"]
[Result "1/2-1/2"]
[WhiteElo "2802"]
[BlackElo "2488"]

1.b3 d5 2.Bb2 Bg4 3.h3 Bh5 4.g3 Nd7 5.Bg2 c6 6.Nf3 Ngf6 7.d3 Bxf3 8.Bxf3 e5
9.Nd2 Bd6 10.e3 O-O 11.O-O Qe7 12.Rb1 a5 13.c4 Ba3 14.Ba1 e4 15.Be2 exd3
16.Bxd3 Ne5 17.Bc2 Rad8 18.Qe2 Bb4 19.Nf3 Nxf3+ 20.Qxf3 Ne4 21.cxd5 Nd2 22.Qg4 f6
23.dxc6 bxc6 24.Bf5 Nxf1 25.Rxf1 g6 26.Be6+ Kg7 27.Bc4 Bd6 28.Bc3 Bb4 29.Bd4 Bc5
30.Bc3 Bb4 31.Ba1 Bd6 32.Qf3 Be5 33.Qxc6 Bxa1 34.Rxa1 Rd2 35.a4 Rfd8 36.Rf1 Qe5
37.Qf3 f5 38.Rc1 Qb2 39.Rf1 Qe5 40.Re1 Ra2 41.Rf1 Rdd2 42.Qb7+ Kh6 43.Qf3 Kg7
44.g4 h6 45.gxf5 Qxf5 46.Qg3 h5 47.Kg2 Kh6 48.h4 Qg4 49.Qxg4 hxg4 50.Kg3 Rab2
51.Be6 Kg7 52.Bc4 Kf6 53.Bg8 Kg7 54.Be6 Kf6 55.Bc4 Kg7 56.f3 gxf3 57.Rxf3 Rg2+
58.Kf4 Rh2 59.Ke5 Rxh4 60.Rf7+ Kh6 61.Ra7 Rh5+ 62.Kd4 Rd2+ 63.Kc3 Rd8 64.e4 Re5
65.Bd5 Rdxd5 66.exd5 Rxd5 67.Kc4 Rf5 68.b4 axb4 69.a5 g5 70.a6 Ra5 71.Kxb4 Ra1
72.Kb5 g4 73.Ra8 Kg5 74.a7 Rxa7 75.Rxa7 g3 76.Kc4 Kf4 77.Kd3 g2 78.Rf7+ Kg3
79.Ke2 g1=Q 80.Rg7+ Kh2 81.Rxg1 Kxg1  1/2-1/2

[Event "Titled Tue 22nd Oct Early"]
[Site "chess.com INT"]
[Date "2024.10.22"]
[Round "11"]
[White "Lazavik,Denis"]
[Black "Nakamura,Hi"]
[Result "1/2-1/2"]
[WhiteElo "2578"]
[BlackElo "2802"]

1.d4 d5 2.c4 e6 3.Nf3 a6 4.cxd5 exd5 5.Nc3 c6 6.Qc2 Nf6 7.Bg5 Be7 8.e3 Be6
9.Bd3 Nbd7 10.O-O Rc8 11.h3 h6 12.Bf4 O-O 13.Rac1 a5 14.a3 b5 15.Ne5 Nb6
16.a4 b4 17.Ne2 c5 18.dxc5 Rxc5 19.Qd1 Nc4 20.b3 Nb2 21.Qd2 Nxd3 22.Qxd3 Qb6
23.Rxc5 Bxc5 24.Rc1 Ne4 25.Nf3 Rc8 26.Be5 Bf5 27.Bd4 Nc3 28.Qxf5 Nxe2+ 29.Kh1 Rc7
30.Qe5 Nxd4 31.Nxd4 Bd6 32.Qe8+ Kh7 33.Rxc7 Qxc7 34.Qc6 Be5 35.Qxc7 Bxc7
36.Kg1 Kg6 37.Kf1 Kf6 38.Ke2 Bb6 39.Nf3 Ke6 40.Kd3 g6 41.Ne1 Kd6 42.Nf3 Ke6
43.Ne1 h5 44.Nf3 f6 45.Ne1 g5 46.g4 h4 47.Nf3 Kd6 48.Ke2 Ke6 49.Kd3 Kd6 50.Ke2 Ke6
51.Kd3  1/2-1/2

[Event "Titled Tue 29th Oct Early"]
[Site "chess.com INT"]
[Date "2024.10.29"]
[Round "1"]
[White "Nakamura,Hi"]
[Black "Bychkov,Vladimir"]
[Result "1-0"]
[WhiteElo "2802"]
[BlackElo "2203"]

1.b3 c5 2.Bb2 Nc6 3.Nf3 Nf6 4.e3 d5 5.Bb5 Qc7 6.O-O a6 7.Bxc6+ Qxc6 8.Ne5 Qc7
9.d3 e6 10.f4 Nd7 11.Qh5 Nxe5 12.Bxe5 Qa5 13.Bc3 Qb6 14.Nd2 d4 15.Nc4 Qd8
16.Ba5 Qf6 17.Bc7 b5 18.Qf3 Ra7 19.Qc6+ Bd7 20.Nd6+ Bxd6 21.Qxd6 Qe7 22.Qxe7+ Kxe7
23.Bb6 Rb7 24.Bxc5+ Ke8 25.Bxd4 f6 26.b4 Rc7 27.Bc5 Kf7 28.e4 Bc6 29.Kf2 f5
30.Ke3 Re8 31.g3 Rd7 32.Bd4 Red8 33.c3 g6 34.h3 Bb7 35.g4 Re8 36.a4 bxa4
37.Rxa4 Rc8 38.Ra5 Rcd8 39.gxf5 exf5 40.exf5 Re8+ 41.Kd2 Bg2 42.fxg6+ hxg6
43.Rf2 Bxh3 44.Rh2 Bf5 45.Rh7+ Kg8 46.Rxd7 Bxd7 47.Rxa6 Kf7 48.Rf6+ Ke7 49.Rxg6 Bf5
50.Rg5 Ke6 51.b5 Ra8 52.b6 Ra2+ 53.Ke3 Rb2 54.c4 Rb3 55.Rxf5 Kxf5 56.c5 Rb1
57.c6 Ke6 58.c7 Kd7 59.f5 Rf1 60.f6 Rf5 61.Ke4 Rh5 62.Be5 Rh4+ 63.Kd5 Rh3
64.b7 Rxd3+ 65.Kc4  1-0

[Event "Titled Tue 29th Oct Early"]
[Site "chess.com INT"]
[Date "2024.10.29"]
[Round "2"]
[White "An,Dinh Minh"]
[Black "Nakamura,Hi"]
[Result "0-1"]
[WhiteElo "1937"]
[BlackElo "2802"]

1.e4 g6 2.Nf3 c5 3.c3 d5 4.Bd3 dxe4 5.Bxe4 Nf6 6.Bc2 Nc6 7.h3 Bg7 8.O-O O-O
9.Re1 b6 10.d3 Bb7 11.Nbd2 Qc7 12.Qe2 Rad8 13.Nc4 Nd5 14.a4 Nf4 15.Qe3 e5
16.a5 Rfe8 17.axb6 axb6 18.Nh2 Nxg2  0-1

[Event "Titled Tue 29th Oct Early"]
[Site "chess.com INT"]
[Date "2024.10.29"]
[Round "3"]
[White "Nakamura,Hi"]
[Black "Manafov,Vugar"]
[Result "1-0"]
[WhiteElo "2802"]
[BlackElo "2437"]

1.b3 Nf6 2.Bb2 d5 3.e3 c6 4.Bd3 g6 5.Nf3 Bg7 6.O-O O-O 7.c4 Re8 8.Be2 Bg4
9.d4 Nbd7 10.Nbd2 a5 11.h3 Bxf3 12.Nxf3 a4 13.b4 a3 14.Bc3 Ne4 15.Rc1 Nb6
16.c5 Nd7 17.Ba1 e5 18.dxe5 Nxe5 19.Nd4 Qh4 20.b5 Bh6 21.Nf3 Nxf3+ 22.Bxf3 Bg7
23.Bd4 Bxd4 24.Qxd4 Qf6 25.Rfd1 Qxd4 26.Rxd4 Nf6 27.Rb4 Nd7 28.e4 Ne5 29.Be2 dxe4
30.Rxe4 Kf8 31.Rb4 Red8 32.Re4 Rd5 33.bxc6 bxc6 34.Rc3 Ra5 35.f4 Nd7 36.Bf3 Rdxc5
37.Rxc5 Rxc5 38.Re3 Rc2 39.Rxa3 c5 40.Ra7 Nf6 41.g4 Rc3 42.Kf2 Rc2+ 43.Kg3 Rc3
44.Kg2 Rc2+ 45.Kf1 Rc3 46.Ke2 Rc2+ 47.Kd3 Rh2 48.g5 Nh5 49.f5 Rxh3 50.f6 Ke8
51.Ke3 Ng3 52.Bc6+ Kd8 53.Rd7+ Kc8 54.Rxf7 Nf5+ 55.Kf4 Rh4+ 56.Ke5 Rh2 57.Bd7+ Kd8
58.Bxf5 gxf5 59.Ra7 Ke8 60.f7+ Kf8 61.Kf6  1-0

[Event "Titled Tue 29th Oct Early"]
[Site "chess.com INT"]
[Date "2024.10.29"]
[Round "4"]
[White "Samunenkov,Ihor"]
[Black "Nakamura,Hi"]
[Result "0-1"]
[WhiteElo "2533"]
[BlackElo "2802"]

1.d4 g6 2.e4 Bg7 3.Nc3 c6 4.f4 d5 5.e5 h5 6.Nf3 Bg4 7.Be3 e6 8.h3 Bxf3 9.Qxf3 h4
10.Bd3 Nd7 11.Ne2 Rc8 12.b4 a5 13.c3 Bf8 14.b5 c5 15.c4 dxc4 16.Be4 cxd4
17.Nxd4 b6 18.Rd1 Bb4+ 19.Ke2 Ne7 20.Nc6 Qc7 21.Nxe7 Kxe7 22.Bc6 Nb8 23.f5 Qxe5
24.fxg6 f5 25.Kf2 Bc5 26.Rhe1 Nxc6 27.bxc6 Qg3+ 28.Qxg3 hxg3+ 29.Kxg3 Bxe3
30.Rd7+ Kf6 31.Rxe3 Rxc6 32.a4 c3 33.Re1 c2 34.Rc1 Kxg6 35.Kf4 Kf6 36.g4 Rc4+
37.Kg3 Rc3+ 38.Kg2 f4 39.Rd2 Rg3+ 40.Kf2 Rhxh3  0-1

[Event "Titled Tue 29th Oct Early"]
[Site "chess.com INT"]
[Date "2024.10.29"]
[Round "5"]
[White "Nakamura,Hi"]
[Black "Svane,Frederik"]
[Result "1-0"]
[WhiteElo "2802"]
[BlackElo "2655"]

1.b3 d5 2.Bb2 Nf6 3.d3 e6 4.g3 a5 5.a3 a4 6.b4 c5 7.bxc5 Bxc5 8.e3 d4 9.e4 e5
10.Bg2 Nc6 11.h3 O-O 12.Ne2 b5 13.O-O b4 14.f4 Qd6 15.axb4 Nxb4 16.Nd2 Be6
17.Kh1 Nc6 18.Nf3 a3 19.fxe5 Nxe5 20.Bxd4 Nxf3 21.Bxc5 Qxc5 22.Rxf3 Rfd8
23.d4 Qe7 24.e5 Nd5 25.c4 Nb6 26.Rc3 Rac8 27.c5 Nc4 28.Qc1 Na5 29.Raxa3 Nc6
30.Qe3 h5 31.Rd3 Nb4 32.Rd2 Qd7 33.Kh2 Nd5 34.Qf3 g6 35.Nf4 Nxf4 36.Qxf4 Rxc5
37.d5 Bxd5 38.Rad3 Qc6 39.Qf6 Rd7 40.Bxd5  1-0

[Event "Titled Tue 29th Oct Early"]
[Site "chess.com INT"]
[Date "2024.10.29"]
[Round "6"]
[White "Tabatabaei,M"]
[Black "Nakamura,Hi"]
[Result "0-1"]
[WhiteElo "2702"]
[BlackElo "2802"]

1.d4 g6 2.Nf3 Bg7 3.e4 c6 4.c4 d6 5.Nc3 Nf6 6.Be2 O-O 7.O-O e5 8.d5 c5 9.a3 Ne8
10.b4 Nd7 11.Rb1 h6 12.Ne1 f5 13.Nd3 b6 14.f3 f4 15.a4 g5 16.a5 h5 17.Qa4 Ba6
18.bxc5 dxc5 19.Nb5 Bxb5 20.Qxb5 Nd6 21.Qa4 Rf6 22.Bd2 g4 23.Ra1 Rc8 24.Qc2 Rg6
25.axb6 axb6 26.Kh1 b5 27.cxb5 Nxb5 28.Nb2 Nd4 29.Qd1 gxf3 30.Bxf3 c4 31.Bc3 Qg5
32.Ra7 Nf6 33.d6 Kh8 34.Rc7 Rd8 35.Nxc4 Ng4 36.d7 Kh7 37.h3 Ne3 38.Nxe3 fxe3
39.Rg1 Rd6 40.Bxd4 exd4 41.Bxh5 Be5 42.Qg4 Qxg4 43.Bxg4 d3 44.Rc8 R6xd7 45.Bf5+ Kg7
46.Bxd7 Rxd7 47.Rcc1 d2 48.Rcd1 e2 49.g4 Bg3 50.Kg2 e1=Q 51.Rgxe1 dxe1=Q
52.Rxd7+ Kf6  0-1

[Event "Titled Tue 29th Oct Early"]
[Site "chess.com INT"]
[Date "2024.10.29"]
[Round "7"]
[White "Nakamura,Hi"]
[Black "Firouzja,Alireza"]
[Result "1/2-1/2"]
[WhiteElo "2802"]
[BlackElo "2767"]

1.e4 c6 2.Nf3 d5 3.Nc3 dxe4 4.Nxe4 Nf6 5.Qe2 Na6 6.c3 Nxe4 7.Qxe4 Qd5 8.Qe3 Bf5
9.d4 e6 10.Be2 Be7 11.O-O O-O 12.Ne5 Nc7 13.Qg3 Qd8 14.Bd3 Bxd3 15.Nxd3 Nd5
16.Bh6 Bf6 17.Rfe1 Ne7 18.Qg4 Qd5 19.Bd2 b6 20.Qe2 Rfd8 21.Nf4 Qf5 22.g4 Qb5
23.Nd3 Ng6 24.a4 Qa6 25.Nf4 Qxe2 26.Rxe2 Nh4 27.Be3 e5 28.Nh5 exd4 29.Nxf6+ gxf6
30.cxd4 Nf3+ 31.Kg2 Nxd4 32.Rd2 Nb3 33.Rxd8+ Rxd8 34.Ra3 Na5 35.Bh6 Nc4 36.Rc3 Ne5
37.f4 Rd2+ 38.Kg1 Rd1+ 39.Kg2 Rd2+ 40.Kg1 Rd1+ 41.Kg2 Rd2+  1/2-1/2

[Event "Titled Tue 29th Oct Early"]
[Site "chess.com INT"]
[Date "2024.10.29"]
[Round "8"]
[White "Bok,B"]
[Black "Nakamura,Hi"]
[Result "1-0"]
[WhiteElo "2593"]
[BlackElo "2802"]

1.d4 g6 2.c4 Bg7 3.Nf3 d6 4.Nc3 c6 5.g3 f5 6.Bg2 Nf6 7.O-O O-O 8.b3 Qa5 9.Bb2 e5
10.Qd2 Qc7 11.d5 Qe7 12.Rfd1 Rd8 13.dxc6 Nxc6 14.Ba3 e4 15.Ne1 Be6 16.Rac1 Qf7
17.Bxd6 Ne8 18.c5 Be5 19.Nc2 Nxd6 20.cxd6 Rxd6 21.Qe3 Rad8 22.Rxd6 Rxd6 23.Nb5 Rd7
24.Nxa7 Nd4 25.Nc8 Nxc2 26.Rxc2 Rd1+ 27.Bf1 f4 28.Qc5 Bh3 29.Rc1 Rxc1 30.Qxc1 e3
31.Bxh3 exf2+ 32.Kf1 f3 33.Qc4  1-0

[Event "Titled Tue 29th Oct Early"]
[Site "chess.com INT"]
[Date "2024.10.29"]
[Round "9"]
[White "Nakamura,Hi"]
[Black "Zhigalko,S"]
[Result "1-0"]
[WhiteElo "2802"]
[BlackElo "2572"]

1.e4 c5 2.Nf3 Nc6 3.Bc4 Nf6 4.d3 e6 5.Bb3 d5 6.Nbd2 Be7 7.c3 O-O 8.O-O b6
9.e5 Nd7 10.Re1 Ba6 11.Nf1 d4 12.c4 Qc7 13.Bf4 Bb7 14.Ba4 Rae8 15.Bg3 Bd8
16.N1d2 Ne7 17.Ne4 Nf5 18.Bf4 Bc6 19.g4 Bxa4 20.Qxa4 Nh4 21.Nxh4 Bxh4 22.Nd6 Ra8
23.g5 h6 24.gxh6 g5 25.Qd1 Kh7 26.Qg4 Rg8 27.Bg3 Raf8 28.Ne4  1-0